[Event "BRA CEAX op 1st "]
[Site "Brazil"]
[Date "2003.03.23"]
[Round "5"]
[White "Freitas, N."]
[Black "Knoblauch, Edna MS"]
[Result "1-0"]
[WhiteElo "1805"]
[BlackElo "1800"]
[PlyCount "61"]
[EventDate "2003.03.21"]
[EventType "swiss"]
[EventRounds "6"]
[EventCountry "BRA"]
[SourceTitle "EXT 2006"]
[Source "ChessBase"]
[SourceDate "2005.11.24"]
[SourceVersion "1"]
[SourceVersionDate "2005.11.24"]
[SourceQuality "1"]

1. e4 c5 2. Nf3 Nc6 3. d4 cxd4 4. Nxd4 Nf6 5. Nc3 g6 6. Bc4 Bg7 7. Be3 0-0 8. Qd2 Ng4 9. Nxc6 bxc6 10. 0-0-0 d6 11. f3 Ne5 12. Bb3 Ba6 13. f4 Nc4 14. Bxc4 Bxc4 15. b3 Ba6 16. Bd4 e5 17. fxe5 dxe5 18. Be3 Qxd2+ 19. Rxd2 f5 20. Rd7 f4 21. Bc5 Bc8 22. Bxf8 Bxd7 23. Bxg7 Kxg7 24. Rd1 Rd8 25. Na4 Kf7 26. Nc5 Ke7 27. Nb7 h5 28. Nxd8 Kxd8 29. Rd6 g5 30. Rg6 h4 31. Rxg5 1-0